000 00643nam a2200241Ia 4500
003 OSt
005 20220918205605.0
006 a|||||r|||| 00| 0
007 ta
008 220917b |||||||| |||| 00| 0 eng d
024 _a117,180
037 _cTextual
040 _aARTS
_cARTS
_beng
041 _2eng
_aeng
082 _aV7:1aN1, F0
100 _aKeniston Hayward
_9115575
245 0 _aList of works for the study of Hispanic-American history
260 _c1920
490 _aHispanic notes and monographs; 5
650 _aHISTORY
942 _hV7:1aN1, F0
_cTEXL
_2CC
999 _c240468
_d240468